| 000 | 00627nam a2200205 a 4500 | ||
|---|---|---|---|
| 005 | 20210223123437.0 | ||
| 008 | 991125s1992 mx 000 0 spa u | ||
| 020 | _a9686026746 | ||
| 035 | _aUPN01000053639 | ||
| 049 | _aI | ||
| 050 | 4 |
_aPZ4 A8 _bA58 |
|
| 100 | 1 |
_aAldridge, James, _d1918- _930511 |
|
| 245 | 1 | 3 |
_aLa silla de montar rota / _cJames Aldridge ; tr. Joaquín Fernández. |
| 260 |
_aMéxico : _bAlfaguara : _bSEP, _c1992. |
||
| 300 |
_a129 p. : _bil. |
||
| 440 | 0 |
_aJuvenil Alfaguara; _v398 |
|
| 534 |
_pTraducción de: _tThe brooken saddle |
||
| 650 | 4 |
_aCUENTOS INFANTILES AUSTRALIANOS _912928 |
|
| 905 | _aInfantil | ||
| 999 |
_c53639 _d53639 |
||